000 00352nam a2200145Ia 4500
005 20250508024753.0
008 240331s9999 xx 000 0 und d
082 _bBAM
_a894
100 _aBama,
245 0 _aOru thathavum yerumaiyum
260 _aCoiambatore
_bVithiyal Pathippagam
_c2003
300 _a208 p .,
650 _aShort Stories
942 _cL
999 _c4293
_d4293